000
00280nam a22001337a 4500
008
210426b ||||| |||| 00| 0 eng d
041
_a
eng
080
_a
94
082
_a
94
100
_a
16
101
_a
SHH
245
_a
Profiles in Enthology
_c
Service,E.R
942
_2
udc
_c
BK
999
_c
56728
_d
56728